Fearn and others v The Board of Trustees of the Tate Gallery (Record no. 121350)
[ view plain ]
| 000 -LEADER | |
|---|---|
| fixed length control field | 01271nas a22001817a 4500 |
| 007 - PHYSICAL DESCRIPTION FIXED FIELD--GENERAL INFORMATION | |
| fixed length control field | ta |
| 008 - FIXED-LENGTH DATA ELEMENTS--GENERAL INFORMATION | |
| fixed length control field | 230202s2023 xxk|||||o||||o00| 0 eng d |
| 041 ## - LANGUAGE CODE | |
| Language code of text/sound track or separate title | eng |
| 245 ## - TITLE STATEMENT | |
| Title | Fearn and others v The Board of Trustees of the Tate Gallery |
| Subtitle | [2023] UKSC 4 |
| 260 ## - PUBLICATION INFORMATION | |
| Publisher | The Supreme Court, |
| Date | 1 February 2023 |
| 520 ## - ABSTRACT | |
| Abstract | Supreme Court judgment 1 February 2023. A central London art gallery was liable in private nuisance to the owners of glass-walled flats which were overlooked by its panoramic viewing platform. Although liability in nuisance could not arise from the mere fact that a building overlooked neighbouring land, the viewing platform was an exceptional use of the gallery's land. It attracted thousands of visitors each week, many of whom peered into, and took photographs of, the interior of the flats. That undoubtedly amounted to a substantial interference with the flats' ordinary use and enjoyment. |
| 520 ## - ABSTRACT | |
| Abstract | Judges: Lord Reed PSC; Lord Lloyd-Jones JSC; Lord Kitchin JSC; Lord Sales JSC; Lord Leggatt JSC |
| 650 ## - KEYWORDS | |
| Keywords | NUISANCE |
| 650 ## - KEYWORDS | |
| Keywords | RESIDENTIAL PROPERTY |
| 651 ## - SUBJECT ADDED ENTRY--GEOGRAPHIC NAME | |
| Geographic name | United Kingdom |
| 690 ## - LOCAL SUBJECT ADDED ENTRY--TOPICAL TERM (OCLC, RLIN) | |
| 9 (RLIN) | 6266 |
| Topical term or geographic name as entry element | Residential property |
| 856 ## - ONLINE RESOURCE | |
| Uniform Resource Identifier | https://www.supremecourt.uk/cases/uksc-2020-0056.html |
| Public note | Judgement available on the Supreme Court website |
| Withdrawn status | Lost status | Damaged status | Not for loan | Home library | Current library | Shelving location | Date acquired | Total Checkouts | Date last seen | Price effective from | Koha item type |
|---|---|---|---|---|---|---|---|---|---|---|---|
| Virtual | Virtual | Online | 02/02/2023 | 02/02/2023 | 02/02/2023 | Law report |